তারাশঙ্কর বন্দোপাদ্যায়ের উপন্যাস / (Record no. 72212)
[ view plain ]
| 000 -LEADER | |
|---|---|
| fixed length control field | 00918nam a2200229 a 4500 |
| 001 - CONTROL NUMBER | |
| control field | 72212 |
| 003 - CONTROL NUMBER IDENTIFIER | |
| rucl marc code | BD-RjUL |
| 005 - DATE AND TIME OF LATEST TRANSACTION | |
| control field | 20211209082227.0 |
| 008 - FIXED-LENGTH DATA ELEMENTS--GENERAL INFORMATION | |
| fixed length control field | 170515s1998 bg ||||| |||| 00| 0 ben d |
| 020 ## - INTERNATIONAL STANDARD BOOK NUMBER | |
| International Standard Book Number | 9840737112 |
| Terms of availability | : Tk. 175.00 |
| 035 ## - SYSTEM CONTROL NUMBER | |
| System control number | (BD-RjUL)72428 |
| 040 ## - CATALOGING SOURCE | |
| Original cataloging agency | BD-RjUL |
| Language of cataloging | ben |
| Transcribing agency | BD-RjUL |
| 041 ## - LANGUAGE CODE | |
| Language code of text/sound track or separate title | ben |
| 082 ## - DEWEY DECIMAL CLASSIFICATION NUMBER | |
| Edition number | 23 |
| Classification number | 891.44320011 |
| Author mark and year | CHT 1998 |
| 100 10 - MAIN ENTRY--PERSONAL NAME | |
| Personal name | চৌধুরী, ভীষ্মদেব |
| 9 (RLIN) | 213555 |
| 245 10 - TITLE STATEMENT | |
| Title | তারাশঙ্কর বন্দোপাদ্যায়ের উপন্যাস / |
| Statement of responsibility, etc. | ভীষ্মদেব চৌধুরী |
| 260 ## - PUBLICATION, DISTRIBUTION, ETC. (IMPRINT) | |
| Place of publication, distribution, etc. | ঢাকা : |
| Name of publisher, distributor, etc. | বাংলা একাডেমী, |
| Date of publication, distribution, etc. | ১৯৯৮ |
| 300 ## - PHYSICAL DESCRIPTION | |
| Pagination | ৩৬৮ পৃ. ; |
| Size | ২২ সেমি. |
| 650 ## - SUBJECT ADDED ENTRY--TOPICAL TERM | |
| Topical term or geographic name as entry element | বাংলা উপন্যাস |
| General subdivision | রাজনৈতিক সমালোচনা |
| 9 (RLIN) | 213556 |
| Topical term or geographic name as entry element | Bengali fiction |
| General subdivision | Pocitical criticism |
| 9 (RLIN) | 213557 |
| 942 ## - ADDED ENTRY ELEMENTS (KOHA) | |
| Source of classification or shelving scheme | Dewey Decimal Classification |
| Koha item type | Books |
| Lost status | Source of classification or shelving scheme | Damaged status | Not for loan | Collection code | Permanent Location | Current Location | Shelving location | Date acquired | Source of acquisition | Cost, normal purchase price | Total Checkouts | Full call number | Date last seen | Copy number | Koha item type |
|---|---|---|---|---|---|---|---|---|---|---|---|---|---|---|---|
| Dewey Decimal Classification | Not For Loan | Fiction | Central Library, University of Rajshahi | Central Library, University of Rajshahi | Reading Room | 16/08/2009 | Dhaka, Bangla Academy | 175.00 | B 891.44320011 CHT 1998 | 15/05/2017 | C-1 | Books |